मुझे सोना है / (Record no. 62770)
[ view plain ]
| 000 -LEADER | |
|---|---|
| fixed length control field | 01605nam a22002537a 4500 |
| 005 - DATE AND TIME OF LATEST TRANSACTION | |
| control field | 20120214164959.0 |
| 010 ## - LCCN (DPL NO) | |
| LC control number | B-479250 |
| 020 ## - INTERNATIONAL STANDARD BOOK NUMBER | |
| International Standard Book Number | 8181460340 |
| Terms of availability | 90.00 |
| 035 ## - SYSTEM CONTROL NUMBER | |
| System control number | B-479250 |
| 037 ## - SOURCE OF ACQUISITION | |
| Source of stock number/acquisition | ब्लूबेरी बुक्स |
| 082 ## - DEWEY DECIMAL CLASSIFICATION NUMBER | |
| Classification number | क |
| 100 ## - MAIN ENTRY--PERSONAL NAME | |
| Personal name | चड्ढा, राधिका |
| 245 ## - TITLE STATEMENT | |
| Title | मुझे सोना है / |
| Statement of responsibility, etc | राधिका चड्ढा;प्रिया कुरियन द्वारा चित्रांकित;दीया नायर द्वारा अनुदित |
| 260 ## - PUBLICATION, DISTRIBUTION, ETC. (IMPRINT) | |
| Place of publication, distribution, etc | चैन्नई |
| Name of publisher, distributor, etc | तूलिका पब्लिशिंग |
| Date of publication, distribution, etc | 2007 |
| 270 ## - ADDRESS | |
| Address | 13 पृथ्वी ऐवन्यू, अभिरमपुरम |
| City | चैन्नई |
| Postal code | 600018 |
| 300 ## - PHYSICAL DESCRIPTION | |
| Extent | अ.पृ. |
| Other physical details | सचित्र |
| Dimensions | 22सेमी (अजिल्द) |
| 700 ## - ADDED ENTRY--PERSONAL NAME | |
| Personal name | कुरियन, प्रिया |
| 9 (RLIN) | 41870 |
| 700 ## - ADDED ENTRY--PERSONAL NAME | |
| 9 (RLIN) | 41871 |
| Personal name | नायर, दीया |
| 700 ## - ADDED ENTRY--PERSONAL NAME | |
| 9 (RLIN) | 41872 |
| 942 ## - ADDED ENTRY ELEMENTS (KOHA) | |
| Source of classification or shelving scheme | Dewey Decimal Classification |
| Item type | Children Books |
| Classification part | क |
| Call number suffix | चड्ढारा |
| Withdrawn status | Lost status | Not for loan | Home library | Current library | Date acquired | Cost, normal purchase price | Full call number | Cost, replacement price | Koha item type | Collection code | Source of acquisition | Barcode | Copy number |
|---|---|---|---|---|---|---|---|---|---|---|---|---|---|
| Ordered | Andrews Gunj | Andrews Gunj | 14/02/2012 | 90.00 | क चड्ढारा | 90.00 | Children Books | ||||||
| Written-off vide DLB M. No. 383 dt 16.05.19 | Central Library | Central Library | 24/08/2012 | 90.00 | क चड्ढारा | 90.00 | Children Books | Fiction | ब्लूबेरी बुक्स/IN8483/14.04.12/43/20.03.12/19.05.12 | B-479250 | 1 |
